000 01068nam a2200313Ia 4500
001 Para_9358
003 CHAP
008 220125s2007 xx 000 0 und d
010 _a208056
040 _cCHAP
090 _aTESIS 2100
100 _aNolasco Bautista, Micaela
_981607
245 _aIncidencia de enfermedades fungosas en el follaje en duraznero (Prunnus persicae L.) en Tepuxtepec, Oaxaca /
_c por Micaela Nolasco Bautista
260 _aChapingo, Méx. :
_b el autor
300 _a41 h.
502 _aTesis (Ing. Agr. Esp. en Parasitología Agrícola) -- UACh. Departamento Parasitología Agrícola
650 _aDurazno
_x enfermedades por hongos
_934595
650 _aDurazno
_x plagas
_934620
650 _aHongos fitopatógenos
_956132
650 _aTaphrina deformans
_9111614
710 _aUACh. Departamento Parasitología Agrícola
_9164025
901 _aTESIS 2100
902 _aM
905 _a0000002007 an 0000000000 00
910 _a2007
942 _cPARA
942 _cPARA
_d2
999 _c208056
_d208056